000 01219cam a22001934a 4500
005 20250605164206.0
008 250528s ||||||||||||||||||||||||d
035 _a20022
040 _aGR-AtMCL
_bgre
_dGR-AtMCL
_eAACR2
245 1 _aΦ.Π.Α. Δηλώσεις στην πράξη / Συμπληρωμένη και Βελτιωμένη με τους Νέους Νόμους: Ζ' Έκδοση
250 _a
260 _bΑριων,
_c1997
300 _a752
520 _aΝομικό Πλαίσιο του Φ.Π.Α., Ενδοκοινοτικές Συναλλαγές, Απαλλαγές και Επιστροφές Φ.Π.Α, Intrastat, Listing, Καθεστώτα Φ.Π.Α., Τροποποιητικές Δηλώσεις Φ.Π.Α., Ενημέρωση Βιβλίων α β και γ Κατηγορίας του Κ.Φ.Σ., Συντελεστές Φ.Π.Α., Ακίνητα που Υπάγονται στο Φ.Π.Α., Συμπλήρωση Δηλώσεων Φ.Π.Α., Διακανονισμοί Παγίων, Εφαρμογή Όλων των Νόμων του Φ.Π.Α. στην Πράξη.
700 1 _aΚαραγιάννης Δημήτρης Ι
_96121
942 _cBK
999 _c5207
_d5207